01261nam a22001937a 45000010005000000030006000050050017000110080041000280200018000690400029000870820011001161000019001272450110001462600050002563000055003065200649003616500027010107000030010375647FISKH20250109102909.0250109b cb ||||| |||| 00| 0 eng d a9780199136360 aFISKHbengcFISKHdFISKH a909.82 aCantrell, John a20th century history for Cambridge IGCSERG /cby John Cantrell, Neil Smith , Peter Smith with Ray Ennion  aOxford : bOxford University Press ; c2013.  a411 pages : bcolor illustrations, maps ;c29 cm.  aWritten by experienced teachers and examiners, this fully comprehensive text thoroughly covers all the 20th century elements of the Cambridge IGCSE in History. With a dual focus on knowledge acquisition AND skills development, it includes extensive source analysis work and is packed withoriginal colour sources, graphs, maps and more to hold learners' attention. A dedicated chapter on exam skills fully develops all the skills directly relevant to assessment and the alternative to coursework. Including careful provision for EAL learners, a high level of detail and challenge willstretch your most able students and enable critical thinking. asecondaryvnon-fiction aSmith, Neileillustrator